| 000 | 00420nam a2200157Ia 4500 | ||
|---|---|---|---|
| 003 | GCL | ||
| 008 | 140319s9999 xx 000 0 eng d | ||
| 040 |
_aGCL / _cGCL |
||
| 082 | 0 | 4 |
_a390 _bL M |
| 100 | 1 | _aLANE, E. W | |
| 245 | 1 | 0 |
_aMANNERS AND CUSTOMS OF THE MODERN EGYPTIAN / _cLANE, E. W |
| 260 |
_a[S.N] : _bEAST- WEST PUBLICATIONS ، _c1989 |
||
| 650 | 0 | 4 | _aMANNERS AND CUSTOMS |
| 650 | 0 | 4 | _aEGYPT |
| 942 |
_2ddc _cBK |
||
| 999 |
_c10431 _d10431 |
||